00869nam a22002533a 450000500170000000800410001701000140005802000260007203500130009803700150011104000180012608200080014410000200015224501460017226000300031827000800034830000280042865000170045665000130047365500250048665500280051170000190053971000570055820051014160153.0050725t20052003nyu 000 1 eng d aENG-92058 a9788189975845c195.00 aEN-75591 bDBAD / PUB adplbEnglish  a158 aCanfield, Jack  aJack Canfield's key to living the law of attraction:cby Jack Canfield and D.D. Watkinsba simple guide to creating the life of your dreams / aNew DelhibWestlandc2008 aF-5, Okhla Industrial Area, Phase - I, Mezzanine Floor,bNew Delhi e110020 avi, 138p. c21 cm (pbk) aNew Thought. aSuccess. aLove stories.2gsafd aDomestic fiction.2lcsh aWatkins, D.D.  aCopyright Paperback Collection (Library of Congress)